00470nam a2200193 a 4500001001300000003000900013005001700022008004100039020001000080082002000090100001500110245002800125260003500153300000900188500003500197505001000232650001900242700001500261nice12345678IN_TiNIC20260116011917.0050524s1977 newa grp 000 0 eng  ac9.500a305.480297bRAM aRam, Malik aAwrat Awr Islami Taleem aNew DelhibMaktaba Jamiac1977 a206p aincludes index and biblioraphy2 aIndex aWomen in Islam1 aRam, Malik